00753nam a2200241 a 4500001001300000003000900013005001700022008004100039020001000080082001800090100003200108245003800140260005400178300000900232500003500241505002400276650003100300700003200331902000800363942000700371952011800378999001500496nice12345678IN_TiNIC20260116011802.0050524s1972 luca grp 000 0 ara  ac10000a892.7209bNAD aNadvi, Mohdur Rabi Al Hasni aAl-Adabul Arabic Bayan Ard-O-Naqd aLucknowbMaktaba Darul Uloom Nadwatul Ulamac1972 a184p aincludes index and biblioraphy2 a3 Part Bound in One aPersian Literature-History1 aNadvi, Mohdur Rabi Al Hasni bSRS cBK 001040708StackRoom-aHMIbHMId2007-06-04g100.00l0o892.7209 NADp07728r2007-06-04v100.00w2005-05-24yBK c3956d3956